| 000 | 00809nmc a2200301 a 4500 | ||
|---|---|---|---|
| 003 | AR-BaBNM | ||
| 005 | 20251128202701.0 | ||
| 008 | 245020s2001 ||||||||||||||000 | spa|| | ||
| 020 | _a950-07-1776-X | ||
| 040 | _cAR-BaBNM | ||
| 100 | 1 | _aSchujer, Silvia | |
| 245 | 1 | 0 | _aOrtografía en juego |
| 250 | _a2ª ed. | ||
| 260 |
_aBuenos Aires _bSudamericana _c2001 |
||
| 300 | 0 |
_a135 p. _bil. |
|
| 490 | 0 | _aPrimera Sudamericana | |
| 500 | 0 | _aEdad sugerida a partir de 9 años | |
| 650 | 4 | _aENSENANZA DE LA ORTOGRAFIA | |
| 650 | 4 | _aJUEGOS EDUCATIVOS | |
| 650 | 4 | _aACTIVIDADES DE APRENDIZAJE | |
| 650 | 4 | _aPOESIAS | |
| 653 | _aENSENANZA DE LA LENGUA | ||
| 653 | _aESTRATEGIAS DIDACTICAS | ||
| 653 | _aADIVINANZAS | ||
| 700 | 1 |
_aElizalde, Marcelo _eilustrador |
|
| 942 | _cBK | ||
| 998 | _cme-solo cat | ||
| 999 |
_c119 _d119 |
||